000 01280nam a22002657a 4500
003 Uzh_bibl
008 260416b |||||||| |||| 00| 0 ukr d
020 _c1,60
040 _bукр.
041 _2ukr
_aukr
080 _a821.161.2
090 _a821.161.2
_bС-69
100 _a-
245 _aСоціально побутова казка
_bНародна творчість
_cіл. А.П.Василенка
_hТекст
260 _aКиїв
_b"Дніпро"
_c1987
300 _a282 с.
_bіл.
_fВ опр.
490 _aСерія "Бібліотека української усної народної творчості"
520 _aДо збірника ввійшли кращі зразки українських соціально-побутових казок, записані в основних етнографічних регіонах України в кінці ХІХ -початку ХХ ст.
521 _aДля широкого кола читачів
546 _aукр.
650 _aЛітературно-художнє видання
653 _aДитячий фольклор
_aПісні кохання
_aНародні оповідання
655 _aХудожня література
_vКазки
942 _2udc
_cBK
999 _c17351
_d17351